|
|
|
|
| LEADER |
01017naa a2200217 i 4500 |
| 001 |
acta67933 |
| 005 |
20230222122814.0 |
| 008 |
200511s2009 hu o 1|| hun d |
| 020 |
|
|
|a 978-963-482-923-2
|
| 040 |
|
|
|a SZTE Egyetemi Kiadványok Repozitórium
|b hun
|
| 041 |
|
|
|a hun
|
| 100 |
1 |
|
|a Varga Ádám
|
| 245 |
1 |
0 |
|a Vizes élőhelyek a Duna-Tisza köze déli részén, egy kiskunhalasi mintaterület példáján
|h [elektronikus dokumentum] /
|c Varga Ádám
|
| 260 |
|
|
|c 2009
|
| 300 |
|
|
|a 99-111
|
| 490 |
0 |
|
|a Természetföldrajzi folyamatok és formák : Geográfus Doktoranduszok IX. Országos Konferenciájának Természetföldrajzos Tanulmányai
|
| 650 |
|
4 |
|a Természettudományok
|
| 650 |
|
4 |
|a Föld- és kapcsolódó környezettudományok
|
| 695 |
|
|
|a Történeti földrajz - Duna-Tisza köze, Ökológia
|
| 711 |
|
|
|a Geográfus doktoranduszok országos konferenciája (9.)
|c Szeged
|d 2009
|
| 856 |
4 |
0 |
|u http://acta.bibl.u-szeged.hu/67933/1/2009_termeszetfoldrajzi_folyamatok_es_formak_099-111.pdf
|z Dokumentum-elérés
|